000 00507nam a2200145 i 4500
001 77326
003 ES-MaACL
007 t|
008 041008s1907 fr ||||1| fre d
100 1 _aHèackel, Ernst.
_9128111
245 1 4 _aLes merveilles de la vie
_b: études de philosophie biologique pour servir de complément aux Enigmes de l'univers /
_cpar Ernst Hackel.
260 _aParis :
_bSchleicher Fréres,
_c[1907] (
_fLejay Fils et Lemoro)
300 _aXII, 380 p. ;
_c23 cm.
852 _aES-MaACL
_jE-869
999 _c77326
_d77326